000 00291nam a22001337a 4500
008 170831b xxu||||| |||| 00| 0 eng d
020 _a9780205286225
041 _aeng
080 _22ND
_a070
100 _a40
101 _aMED
245 _aREACHING AUDIENCES
_cYOPP,J,J
942 _2udc
_cBK
999 _c25796
_d25796